01533cam a22003617a 4500003000500000005001700005008004100022010001000063011001000073035001000083040000900093090001000102100004200112245016200154260004100316300002200357502007500379590003700454590004100491590004100532590004100573590004200614650003400656650004600690901000700736905002300743942000900766949005500775949004200830999001700872952015500889952012701044CHAP20220329142425.0010115d2000 mx r 00110 spa d a83240 a84212 a94731 cCHAP aTesis00aSalinas Ramírez, Serafín.910168910aEvaluación de fertilización química en cultivo de coliflor (Brassica oleracea, var. Botrytis, L), en Ixmiquilpa, Hgo.c/por Serafín Salinas Ramírez aChapingo, Méx. :bEl autor,c2000. a46 h. :bgráfs. aTesis (Ing. Agr. Esp. en Zootecnia) -- UACH. Departamento de Zootecnia aALEPHb10c20130110lUCH01h1440 aBATCH-UPDb10c20130110lUCH01h0635 aBATCH-UPDb10c20130410lUCH01h0318 aBATCH-UPDb10c20130914lUCH01h1008 aCONVERSIONb10c20130109lUCH01h134614aColiflorxRendimiento.92515214aFertilizantesxEfecto en coliflor.940501 aBK aLilia Sánchez G. cFOLL bBCcTESd33724000809075eTS2fc.2h37772i94731si bBCcTESd947311eTS1h37771i94731sb c83240d83240 00102local4053708TESISaBCbBCcPA_TESISd2019-12-31fTESISl1m1oTesisp33724000809075r2023-03-23 00:00:00s2023-02-14tc.2w2019-12-31yTESIS 00102local4051708TESISaBCbBCcPA_TESISd2019-12-31fTESISl0oTesisp947311r2019-12-31 00:00:00w2019-12-31yTESIS